000 01054nam a2200301 a 4500
001 33211
003 BD-RjUL
005 20211209051952.0
008 140430s19661935enk 001 0 eng
035 _a(BD-RjUL)33302
040 _aDLC
_cDLC
_dBD-RjUL
_beng
041 1 _aengger
082 0 0 _a301
_219
_bMAM 1966
100 1 _aMannheim, Karl
_d1893-1947.
_9141
245 1 0 _aMan and society in an age of reconstruction :
_bstudies in modern social structure /
_cKarl Mannheim
260 _aLondon :
_bRoutledge & Kegan Paul,
_c1935 [reprinted 1966].
300 _axxii, 469 p. ;
_c22 cm.
500 _a"With a bibliographical guide to the study of modern society."
500 _a"Based on Mensch und Gesellschaft im Zeiltalter im des Umbaus, Leiden (Holland) 1935"--T.p. verso.
504 _aIncludes indexes.
650 0 _aSocial history
_y20th century.
_916899
650 0 _aSociology.
_9100864
650 0 _aPlanning.
_9100865
650 0 _aSocial psychology.
_9100866
942 _2ddc
_cBK
999 _c33211
_d33211